| 000 | 00752nam a2200193 a 4500 | ||
|---|---|---|---|
| 001 | 000043319 | ||
| 005 | 20201002040818.0 | ||
| 008 | 140307s2013 dr ac 000 0 spa d | ||
| 020 | _a9789945166040 | ||
| 040 |
_aDO-SdBNP _bspa _cBNPHU |
||
| 082 |
_axxxx _bxxxx |
||
| 100 | 1 |
_aRivera Almodóvar, Eusebio _929479 |
|
| 245 | 1 | 4 |
_aLos fríos : _blos sueños & las peripecias del Rey Tuerto / _cEusebio Rivera Almodóvar. |
| 260 |
_aSanto Domingo : _bBúho, _c2013. |
||
| 300 |
_a330 p. : _bil., retrs. ; _c23 cm. |
||
| 500 | _aIncluye datos biográficos del autor en la solapa de la contracubierta | ||
| 501 | _aEncuadernado con: Los fríos; los sueños & las peripecias del Rey Tuerto | ||
| 563 | _aTres obras encuadernadas juntas con paginación continua | ||
| 999 |
_c42808 _d42808 |
||